000 00921nam a2200253Ia 4500
003 OSt
005 20221005112348.0
006 a|||||r|||| 00| 0
007 ta
008 221004b |||||||| |||| 00| 0 pan d
020 _a9789381316637 (hbk)
_c300
024 _a14547
037 _b890, 08/09/2014, H.K. Prakashan
_cTextual
040 _aCRL
_cCRL
_bpan
041 _2pan
_apan
082 _aQ8441xK66, 153Q2
100 _aਸਿੰਘ, ਸੁਖਦਿਆਲ
245 0 _aਗੁਰੂ ਗੋਬਿੰਦ ਸਿੰਘ
_b ਜੀਵਨ, ਯੁੱਧ ਅਤੇ ਯਾਤਰਾਵਾਂ 1666-1708
260 _aਸਮਾਣਾ
_bਸੰਗਮ ਪਬਲੀਕੇFਨਗ਼ ਭਾਰਤ
_c2012
300 _a208ਪੰ
_ccm.
650 _aਧਰਮ
942 _hQ8441xK66, 153Q2
_cTEXL
_2cc
999 _c1024661
_d1024661